| 000 | 00544nam a22001577a 4500 | ||
|---|---|---|---|
| 003 | OSt | ||
| 005 | 20150913161110.0 | ||
| 008 | 150913b xxu||||| |||| 00| 0 eng d | ||
| 040 | _cRUA | ||
| 082 | _aAGR CHU 1996 B016 Or.1 | ||
| 100 |
_9411 _aCHUM, PHOU SETH. |
||
| 245 | _aEvaluation trial of densities plant sweet corn crop សិក្សាឥទ្ធិពលចំណុះដើមទៅលើការដាំដំណាំពោតផ្អម | ||
| 260 |
_aPhnom Penh _bRUA _c1996 |
||
| 300 |
_a89p. _bill. _c29cm. |
||
| 942 |
_2ddc _cAGR |
||
| 999 |
_c390 _d390 |
||